Boletín de las leyes i decretos del gobierno: 1855

I tiakina i:
Ngā taipitopito rārangi puna kōrero
Hōputu: Pukapuka
Reo:Pāniora
I whakaputaina: Santiago Nacional 1855
Ngā marau:
Ngā Tūtohu: Tāpirihia he Tūtohu
Kāore He Tūtohu, Me noho koe te mea tuatahi ki te tūtohu i tēnei pūkete!

MARC

LEADER 00000nam a2200000 a 4500
001 UCR1466
003 CL-VaPUC
008 971219e18550000CL |||||||||||||||||spa|d
082 0 4 |a 348.022  |b BOL  |2 21 
245 1 0 |a Boletín de las leyes i decretos del gobierno: 1855 
300 |a v 
942 |c BK 
945 |d 19971219 00:00:00  |a lriquelm 
260 |a Santiago  |b Nacional  |c 1855 
650 7 |a DERECHO CHILENO SIGLO 19  |2 CL-VaPUC  |9 398582 
650 0 |a Fuentes del derecho   |9 255162 
651 7 |a CHILE  |2 CL-VaPUC  |9 398583 
583 |a last modification  |c 20160829 09:52:04  |k Rodrigo Vera 
999 |c 264868  |d 264866 
952 |0 0  |1 0  |4 0  |6 348_022000000000000_BOL_1855  |7 0  |8 X  |9 295407  |a BIBDER  |b BIBDER  |d 2019-11-20  |h v.23  |i 1925474  |o 348.022 BOL 1855  |p 1925474  |r 2023-01-25  |w 2019-11-20  |y BK_X  |k DER 
952 |0 0  |1 0  |4 0  |6 348_022000000000000_BOL_1855  |7 0  |8 DER_HDC  |9 295408  |a BIBDER  |b BIBDER  |d 2019-11-20  |h v.23  |i 1925458  |o 348.022 BOL 1855  |p 1925458  |r 2020-03-24  |w 2019-11-20  |x Ubicación 4to Piso  |y BK_X  |z Estos recursos deben solicitarse con anticipación  |k DER